Policymaking in Mexico : from boom to crisis (ระเบียนเลขที่ 14384)
| 000 -LEADER | |
|---|---|
| fixed length control field | 00636nam a22002177a 4500 |
| 005 - DATE AND TIME OF LATEST TRANSACTION | |
| control field | 20210325182413.0 |
| 008 - FIXED-LENGTH DATA ELEMENTS--GENERAL INFORMATION | |
| fixed length control field | s1988 eng d |
| 020 ## - INTERNATIONAL STANDARD BOOK NUMBER | |
| International Standard Book Number | 0813312809 |
| 041 ## - LANGUAGE CODE | |
| Language code of text/sound track or separate title | eng |
| 050 ## - LIBRARY OF CONGRESS CALL NUMBER | |
| Classification number | HD9574.M6 T4P 1988 |
| 100 0# - MAIN ENTRY--PERSONAL NAME | |
| Personal name | Teichman, Judith A. |
| 245 10 - TITLE STATEMENT | |
| Title | Policymaking in Mexico : from boom to crisis |
| 260 3# - PUBLICATION, DISTRIBUTION, ETC. | |
| Place of publication, distribution, etc. | Boulder, Colorado : |
| Name of publisher, distributor, etc. | Westview Press, |
| Date of publication, distribution, etc. | 1988 |
| 300 ## - PHYSICAL DESCRIPTION | |
| Extent | 178 p. ; |
| Other physical details | 22 cm. |
| 650 04 - SUBJECT ADDED ENTRY--TOPICAL TERM | |
| Topical term or geographic name entry element | Mexico -- Economic policy -- 1970-- |
| 650 04 - SUBJECT ADDED ENTRY--TOPICAL TERM | |
| Topical term or geographic name entry element | Petroleum industry and trade -- Government policy -- Mexico |
| 850 ## - HOLDING INSTITUTION | |
| Holding institution | NALT |
| 942 ## - ADDED ENTRY ELEMENTS (KOHA) | |
| Koha item type | General Book |
| 997 ## - | |
| -- | 000000000014384 |
| 998 ## - LOCAL CONTROL INFORMATION (RLIN) | |
| -- | SOPAPORN |
| Withdrawn status | Lost status | Damaged status | Not for loan | Collection code | Home library | Current library | Total Checkouts | Full call number | Barcode | Date last seen | Price effective from | Koha item type |
|---|---|---|---|---|---|---|---|---|---|---|---|---|
| General Book collection | National Assembly Library of Thailand | National Assembly Library of Thailand | HD 9574.M6 T4P 1988 | 3961113297 | 09/06/2017 | 09/06/2017 | General Book |
